000
00295nam a22001337a 4500
008
171219b xxu||||| |||| 00| 0 eng d
020
_a
0136917348
041
_a
eng
080
_2
2ND
_a
82
100
_a
21
101
_a
GJL
245
_a
PRENTICE HALL LITERATURE
_c
THOMPSON,E
942
_2
udc
_c
BK
999
_c
39162
_d
39162